000 00500nam a2200193Ia 4500
003 0100
008 130303s9999 xx 000 0 und d
040 _cARRUPELIB
050 _aQB985.T421992
100 _aThuan, Trinh Xuan
245 4 _aThe changing universe
245 _bBig bang and after
260 _aLondon
260 _bThames and Hudson
260 _C1992
300 _a159p
650 _bMonasticism and Religious Orders in Art San Marco (Monastery, Florence, Italy)
942 0 0 _01
999 _c19408
_d19408